| 000 | 01344nam a22003017a 4500 | ||
|---|---|---|---|
| 003 | BPGM | ||
| 005 | 20260703193745.0 | ||
| 008 | 260627e2004 mx ab||gr||||s001 0 spa d | ||
| 020 | _a970-91457-5x | ||
| 040 |
_aBPGM _bspa |
||
| 041 |
_aspa _hspa |
||
| 084 |
_a724.5 / _bM67 |
||
| 100 | _aMORENO NEGRETE, SARBELIO | ||
| 245 |
_aESPLENDOR DE LA ARQUITECTURA NOVOHISPANA _b LOS AGUSTINOS EN QUERETARO, MEXICO D.F. Y LOS ESTADOS DE HIDALGO, MICHOACAN, MEXICO, GUANAJUATO Y SAN LUIS POTOSI |
||
| 260 |
_aQUERÉTARO; _bDESARROLLOS RESIDENCIALES TURISTICO, _c2004. |
||
| 300 |
_a255 paginas; _c27.5 cm x 29.2 cm. |
||
| 336 |
_2rdacontent _atexto _btxt |
||
| 337 |
_2rdamedia _asin mediación _bn |
||
| 338 |
_2rdacarrier _avolumen _bnc |
||
| 490 | 0 |
_aTEMPLOS Y CONVENTOS TOMO lll _vV.3 |
|
| 505 | _aEl Tomo III de “Esplendor de la Arquitectura Novohispana” de Sarbelio Moreno Negrete se centra en los templos y conventos dominicos de varios estados de México, ofreciendo un recorrido histórico, artístico y cultural por la riqueza arquitectónica virreinal. | ||
| 650 | _2LAS ARTES BELLAS ARQUITECTURA Y ARTES DECORATIVAS | ||
| 650 | _2LAS ARTES BELLAS ARTES Y ARTES DECORATIVAS | ||
| 650 | _2ARQUITECTURA | ||
| 700 |
_aMORENO NEGRETE ARTURO _eILUSTRADOR |
||
| 700 |
_aRIVERO LARREA MARIANGEL _eILUSTRADOR |
||
| 942 |
_2ddc _cCOLQ |
||
| 999 |
_c68691 _d68691 |
||